10 najmłodszych rocznikowo kandydatów w wyborach na Prezydenta RP - Statystyki

Ogólne statystyki
  • Ten quiz został rozwiązany 26 razy
  • Średni wynik to 7 z 10
Statystyki odpowiedzi
Rocznik Kandydat % Poprawnych
1986 Sławomir Mentzen
100%
1979 Adrian Zandberg
96%
1982 Magdalena Biejat
92%
1976 Szymon Hołownia
79%
1983 Karol Nawrocki
75%
1978 Marek Woch
75%
1982 Krzysztof Bosak
71%
1982 Krzysztof Stanowski
67%
1979 Magdalena Ogórek
46%
1981 Władysław Kosiniak-Kamysz
46%
Nie znaleziono quizów pasujących do podanych kryteriów
Rozkład punktacji
Procent ludzi z każdym wynikiem
Percentyl według liczby udzielonych odpowiedzi
Twoja historia wyników
Nie rozwiązałeś tego quizu